000 00488nam a2200157 4500
001 148437
003 ES-MaACL
005 20230906202630.0
007 t|
008 070214s1940 gw r ||||1| ger d
100 1 _aStrauss und Torney, Lulú von.
_9108407
245 1 0 _aDer Holf am Brink
_b: erzèahlung aus dem Dreissigjèahrigen Kriege /
_cLulú von Strauss und Torney.
260 _aJena :
_bDiederichs,
_c1940.
300 _a85 p. ;
_c18 cm.
852 _aES-MaACL
_jF-10814
_bR.19108
999 _c148437
_d148437